[Event "Tourn. n9206"]
[Site "www.chess-mail.com"]
[Date "2017.04.07"]
[Round "1"]
[White "Osmundw"]
[Black "Mihaiiorga"]
[WhiteElo "1440"]
[BlackElo "1199"]
[Result "0-1"]
[Round "1"]
1.e4 d6
2.Ng1f3 Ng8f6
3.Bf1d3 Nb8d7
4.b3 e5
5.Bc1b2 Bf8e7
6.Nb1a3 O-O
7.Nf3g5 Nd7c5
8.Na3c4 Nc5xd3
9.cxd3 h6
10.Bb2xe5 dxe5
11.Nc4xe5 hxg5
12.Ra1c1 Bc8e6
13.Rc1c6 bxc6
14.Ne5xc6 Qd8d6
15.Qd1c2 Qd6c5
16.Qc2xc5 Be7xc5
17.d4 Bc5b6
18.Nc6e7 Kh7
19.e5 Bb6xd4
20.exf6 gxf6
21.h4 Kg7
22.hxg5 fxg5
23.f4 Rf8e8
24.Ne7c6 Be6d5
25.Nc6e5 f6
26.fxg5 Re8xe5
27.Kd1 Re5xg5
{ resign }
0-1

[Event "Tourn. n9209"]
[Site "www.chess-mail.com"]
[Date "2017.04.07"]
[Round "1"]
[White "Redabond"]
[Black "Vasylpuzanov"]
[WhiteElo "1660"]
[BlackElo "1500"]
[Result "1-0"]
[Round "1"]
1.d4 c5
2.d5 e6
3.dxe6 fxe6
4.Nb1c3 d5
5.e4 Ng8f6
6.exd5 exd5
7.Bc1g5 Bf8e7
8.Bg5xf6 Be7xf6
9.Nc3xd5 O-O
10.Nd5xf6 Qd8xf6
11.Qd1d5 Qf6e6
12.Qd5xe6 Bc8xe6
13.Ng1f3 Nb8c6
14.O-O-O Ra8d8
15.b3 Rd8xd1
16.Kxd1 Be6g4
17.Bf1e2 Nc6b4
18.a3 Nb4d5
19.Nf3e5 Bg4xe2
20.Kxe2 Rf8e8
21.c4 Re8xe5
22.Kd1 Nd5f6
23.Kd2 Kf7
24.f4 Re5e4
25.g3 Re4d4
26.Kc3 Nf6e4
27.Kc2 Kf6
28.Rh1g1 Rd4d2
{ time. }
1-0

[Event "Tourn. n9284"]
[Site "www.chess-mail.com"]
[Date "2017.04.07"]
[Round "1"]
[White "Sunny"]
[Black "Falcoale"]
[WhiteElo "1809"]
[BlackElo "1980"]
[Result "0-1"]
[Round "1"]
1.d4 Ng8f6
2.c4 b6
3.Nb1c3 Bc8b7
4.Qd1c2 e6
5.e4 d6
6.Ng1f3 Nb8c6
7.Bf1d3 Bf8e7
8.O-O Nc6b4
9.Qc2e2 Nb4xd3
 { time }
0-1

[Event "Tourn. n9307"]
[Site "www.chess-mail.com"]
[Date "2017.04.07"]
[Round "1"]
[White "Fabos12"]
[Black "Falcoale"]
[WhiteElo "1880"]
[BlackElo "2000"]
[Result "1-0"]
[Round "1"]
1.d4 Ng8f6
2.c4 e6
3.Nb1c3 b6
4.e4 Bc8b7
5.Bf1d3 Bf8b4
6.Qd1e2 O-O
7.Bc1d2 d5
8.e5  { time }
1-0

[Event "Match"]
[Site "www.echecsemail.com"]
[Date "2017.04.07"]
[Round "1"]
[White "Guidom"]
[Black "Sociopatas"]
[WhiteElo "1990"]
[BlackElo "1809"]
[Result "1-0"]
[Round "1"]
1.e4 e6
2.d4 d5
3.Nb1c3 Bf8b4
4.e5 c5
5.a3 Bb4xc3
6.bxc3 Ng8e7
7.Qd1g4 O-O
8.Bf1d3 Nb8c6
9.Ng1f3 f5
10.exf6 Rf8xf6
11.Bc1g5 Rf6f7
12.Qg4h4 h6
13.O-O c4
14.Bg5xe7 Rf7xe7
15.Bd3g6 a6
16.Ra1b1 b5
17.Rf1e1 Qd8f8
18.Nf3e5 Qf8xf2
19.Qh4xf2 Nc6xd4
20.cxd4 c3
21.Re1f1 b4
22.Qf2f8 
1-0

[Event "1/128 Finale"]
[Site "www.chess-mail.com"]
[Date "2017.04.07"]
[Round "1"]
[White "Norwich"]
[Black "Llord"]
[WhiteElo "1720"]
[BlackElo "1990"]
[Result "0-1"]
[Round "1"]
1.e4 e5
2.Ng1f3 Nb8c6
3.Bf1b5 d6
4.d4 Bc8d7
5.Nb1c3 a6
6.Bb5xc6 Bd7xc6
7.O-O Qd8f6
8.dxe5 dxe5
9.Nc3d5 Bc6xd5
10.Qd1xd5 Ng8e7
11.Qd5xe5 Qf6xe5
12.Nf3xe5 f6
13.Ne5f3 O-O-O
14.Bc1e3 f5
15.exf5 Ne7xf5
16.Be3g5 Rd8d7
17.Ra1d1 Rd7xd1
18.Rf1xd1 b6
19.h3 Bf8d6
20.Rd1e1 h6
21.Bg5d2 Rh8d8
22.Bd2c3 g5
23.g4 Nf5h4
24.Nf3xh4 gxh4
25.Bc3f6 Rd8f8
26.Bf6d4 c5
27.Bd4g7 Rf8g8
28.Bg7xh6 c4
29.Kf1 Rg8g6
30.Bh6e3 Bd6b4
31.c3 Bb4f8
32.Be3d4 b5
33.Re1e5 Bf8g7
34.Re5c5 Kd7
35.Rc5d5 Ke6
36.Rd5d8 Bg7xd4
37.Rd8xd4 a5
38.f4 Rg6g8
 { time }
0-1

[Event "Fast Game"]
[Site "www.echecsemail.com"]
[Date "2017.04.07"]
[Round "1"]
[White "Pellix84"]
[Black "Redapond1"]
[WhiteElo "1620"]
[BlackElo "1599"]
[Result "1-0"]
[Round "1"]
1.d4 d5
2.Ng1f3 Bc8f5
3.c4 Nb8c6
4.cxd5 Qd8xd5
5.Bc1f4 O-O-O
6.Nb1c3 Qd5c4
7.e4 Qc4b4
8.exf5 Qb4xb2
9.Nc3b5 a6
10.Nb5xc7 Nc6xd4
11.Ra1c1 Nd4xf3
12.Qd1xf3 Qb2b4
13.Qf3c3 Qb4xf4
14.Nc7e6 { resign }
1-0

[Event "Tourn. n9240"]
[Site "www.chess-mail.com"]
[Date "2017.04.08"]
[Round "1"]
[White "Tartan"]
[Black "Ozana"]
[WhiteElo "2410"]
[BlackElo "2450"]
[Result "1-0"]
[Round "1"]
1.e4 c5
2.Ng1f3 Nb8c6
3.d4 cxd4
4.Nf3xd4 g6
5.c4 Bf8g7
6.Bc1e3 d6
7.Nb1c3 Ng8f6
8.Bf1e2 O-O
9.O-O Bc8d7
10.Ra1c1 Nc6xd4
11.Be3xd4 Bd7c6
12.f3  { time }
1-0

[Event "Tourn. n9232"]
[Site "www.chess-mail.com"]
[Date "2017.04.08"]
[Round "1"]
[White "Stepanpech"]
[Black "Ozana"]
[WhiteElo "2220"]
[BlackElo "2420"]
[Result "1-0"]
[Round "1"]
1.e4 c5
2.Ng1f3 g6
3.c3 d5
4.exd5 Qd8xd5
5.d4 Bf8g7
6.Nb1a3 Ng8f6
7.Bf1c4 Qd5e4
8.Bc1e3 O-O
9.O-O cxd4
10.Be3xd4  { time }
1-0

[Event "Tourn. n9267"]
[Site "www.chess-mail.com"]
[Date "2017.04.08"]
[Round "1"]
[White "Cal"]
[Black "Autmich"]
[WhiteElo "1630"]
[BlackElo "1710"]
[Result "0-1"]
[Round "1"]
1.Ng1f3 d5
2.d4 Nb8c6
3.h3 Ng8f6
4.e3 Bc8f5
5.a3 e6
6.Bf1b5 Bf8d6
7.Nb1c3 O-O
8.Bb5xc6 bxc6
9.O-O c5
10.Nf3h4 Bf5e4
11.f3 Be4g6
12.b3 cxd4
13.exd4 c5
14.Bc1e3 Qd8c7
15.f4 Nf6e4
16.Nc3e2 a5
17.c4 Ra8b8
18.cxd5 exd5
19.dxc5 Bd6xc5
20.Qd1xd5 Bc5xe3
21.Kh2 Ne4c3
22.Ne2xc3 Qc7xc3
23.Ra1e1 Qc3c5
24.Qd5d7 Rb8d8
25.Qd7g4 Bg6h5
26.Qg4g3 Be3d4
27.b4 axb4
28.axb4 Qc5xb4
29.Re1e4 Qb4c5
30.Qg3b3 Qc5d5
31.Qb3c2 Rd8c8
32.Qc2b1 Rc8b8
33.Qb1c2 Rf8c8
34.f5 Rc8xc2
35.Rf1e1 h6
36.Kg3 Bd4f2
37.Kf4 Bf2xh4
38.Re4e8 Rb8xe8
39.Re1xe8 Kh7
40.g4 Rc2f2
41.Ke3 Qd5f3
42.Kd4 Rf2d2
43.Kc4 Qf3f1
44.Kc5 Qf1c1
{ resign }
0-1

[Event "Tourn. n9306"]
[Site "www.chess-mail.com"]
[Date "2017.04.08"]
[Round "1"]
[White "Azulmarino"]
[Black "Autmich"]
[WhiteElo "1530"]
[BlackElo "1720"]
[Result "1-0"]
[Round "1"]
1.e4 e5
2.Ng1f3 Nb8c6
3.Bf1c4 Bf8c5
4.d3 Ng8f6
5.h3 h6
6.a3 O-O
7.Bc1e3 Bc5b6
8.Nb1c3 d6
9.Qd1d2 Bc8e6
10.Be3xh6 gxh6
11.Qd2xh6 Nf6h7
12.Nc3d5 Be6xd5
13.Bc4xd5 Qd8f6
14.Qh6h5 Qf6g6
15.Qh5xg6 { resign }
1-0

[Event "Tourn. n9232"]
[Site "www.chess-mail.com"]
[Date "2017.04.08"]
[Round "1"]
[White "Ozana"]
[Black "Dimos40"]
[WhiteElo "2420"]
[BlackElo "2350"]
[Result "0-1"]
[Round "1"]
1.f4 Ng8f6
2.Ng1f3 g6
3.e3 Bf8g7
4.Bf1e2 O-O
5.O-O d6
6.d4 c5
7.dxc5 dxc5
8.Nb1c3 Qd8xd1
9.Rf1xd1 Bc8f5
10.Nf3e5 Bf5xc2
11.Rd1d2 Bc2f5
12.Be2f3 Nb8c6
13.Ne5xc6 bxc6
14.e4 Bf5e6
15.e5 Nf6d5
 { time }
0-1

[Event "Tourn. n9256"]
[Site "www.chess-mail.com"]
[Date "2017.04.08"]
[Round "1"]
[White "Louis"]
[Black "Roque1"]
[WhiteElo "2030"]
[BlackElo "1830"]
[Result "1-0"]
[Round "1"]
1.d4 d5
2.c4 e6
3.Ng1f3 Ng8f6
4.Nb1c3 Bf8b4
5.Bc1g5 O-O
6.e3 Nb8d7
7.cxd5 exd5
8.Bf1d3 b6
9.O-O Bc8b7
10.Ra1c1 c5
11.Nf3e5 Bb7c8
12.Ne5c6 Qd8c7
13.Nc6e7 Kh8
14.Nc3xd5 Nf6xd5
15.Ne7xd5 Qc7c6
16.Nd5xb4 Qc6d6
17.Bg5f4 Qd6e7
18.Qd1f3 Bc8b7
19.Qf3xb7 cxb4
20.Bd3f5 Nd7f6
{ time. }
1-0

[Event "Tourn. n9142"]
[Site "www.chess-mail.com"]
[Date "2017.04.08"]
[Round "1"]
[White "Woadman62"]
[Black "Numanoid"]
[WhiteElo "2620"]
[BlackElo "2410"]
[Result "1-0"]
[Round "1"]
1.Ng1f3 d5
2.g3 c6
3.Bf1g2 Bc8g4
4.O-O e6
5.h3 Bg4h5
6.d3 Bf8d6
7.e4 Ng8e7
8.b3 Nb8d7
9.Bc1b2 O-O
10.Rf1e1 f6
11.d4 dxe4
12.Re1xe4 e5
13.dxe5 Nd7xe5
14.Nb1d2 Qd8c7
15.Qd1f1 Ne5xf3
16.Bg2xf3 Bh5xf3
17.Nd2xf3 Ne7g6
18.h4 Qc7f7
19.Ra1d1 Bd6c5
20.Bb2d4 Bc5xd4
21.Re4xd4 Ra8e8
22.Rd4d7 Re8e7
23.Rd7xe7 Qf7xe7
24.Qf1c4 Qe7f7
25.Qc4c5 a6
26.h5 Ng6e5
27.Nf3xe5 fxe5
28.h6 gxh6
29.Rd1e1 Qf7f3
30.Re1xe5 Qf3d1
31.Kh2 Qd1f3
32.Qc5c4 Kg7
33.Re5e7 Kg6
34.Qc4e6 Kh5
35.Qe6e2 Qf3xe2
36.Re7xe2 Kg5
37.c4 Rf8f7
38.Kh3 Kg6
39.f4 Kf6
40.Re2d2 { resign }
1-0

[Event "Tourn. n9257"]
[Site "www.chess-mail.com"]
[Date "2017.04.08"]
[Round "1"]
[White "Szustan"]
[Black "Mancini"]
[WhiteElo "2650"]
[BlackElo "2220"]
[Result "1/2-1/2"]
[Round "1"]
1.e4 e5
2.Ng1f3 Ng8f6
3.d4 Nf6xe4
4.Bf1d3 d5
5.Nf3xe5 Nb8d7
6.Ne5xd7 Bc8xd7
7.O-O Bf8d6
8.Qd1h5 Qd8f6
9.Nb1c3 Qf6xd4
10.Bc1e3 Qd4e5
11.Qh5xe5 Bd6xe5
12.Nc3xd5 Ne4f6
13.Ra1e1 Nf6xd5
14.Be3d4 O-O-O
15.Bd4xe5 Nd5b4
16.Bd3c4 Nb4xc2
17.Re1c1 f6
18.Be5xf6 gxf6
19.Rc1xc2 Rh8e8
{ draw }
1/2-1/2

[Event "Tourn. n9239"]
[Site "www.chess-mail.com"]
[Date "2017.04.08"]
[Round "1"]
[White "Passaroa25"]
[Black "Battlechess"]
[WhiteElo "1610"]
[BlackElo "1490"]
[Result "1-0"]
[Round "1"]
1.e4 d6
2.f3 e5
3.d3 Nb8c6
4.c3 Ng8f6
5.Nb1d2 Bf8e7
6.Ng1e2 O-O
7.Nd2b3 Bc8e6
8.Bc1d2 d5
9.Bd2e3 dxe4
10.dxe4 Qd8xd1
11.Ra1xd1 Rf8d8
12.Rd1c1 Be6xb3
13.axb3 a6
14.b4 Rd8d3
15.Kf2 Ra8d8
16.Ne2g3 Rd3d7
17.Bf1e2 h6
18.Rh1d1 Rd7xd1
19.Be2xd1 Be7f8
20.Bd1e2  { time }
1-0

[Event "Tourn. n9235"]
[Site "www.chess-mail.com"]
[Date "2017.04.08"]
[Round "1"]
[White "Norlavuaram"]
[Black "Bojan"]
[WhiteElo "2190"]
[BlackElo "2020"]
[Result "0-1"]
[Round "1"]
1.e4 Nb8c6
2.Ng1f3 e5
3.Bf1b5 Qd8f6
4.Nb1c3 Ng8e7
5.d3 h6
6.O-O a6
7.Bb5a4 b5
8.Ba4b3 Nc6a5
9.Bc1e3 Bc8b7
10.Nf3d2 d6
11.f4 Na5xb3
12.axb3 c5
13.fxe5 Qf6xe5
14.Nd2f3 Qe5e6
15.Nc3e2 Ne7g6
16.Qd1d2 Bf8e7
17.Ne2g3 Be7f6
18.Ra1b1 Ng6e5
19.Ng3f5 Ra8c8
20.h3 d5
21.Nf5g3 d4
22.Be3f4 Ne5g6
23.e5 Bf6e7
24.Rb1e1 Bb7d5
25.Kh1 Kd7
26.Ng3e4 Ng6xf4
27.Qd2xf4 Qe6g6
28.Nf3h4 Be7xh4
29.Qf4xh4 Rh8e8
30.Qh4f2 Kc6
31.Ne4d6 Rc8d8
32.Nd6xe8 Rd8xe8
33.Re1e2 Re8e7
34.Kh2 Kb6
35.Qf2f5 Qg6c6
36.Rf1f2 g6
37.Qf5f4 h5
38.Qf4f6 Qc6e6
39.g4 hxg4
40.hxg4 Kb7
41.Kg3 Qe6d7
42.Qf6d6 Bd5e6
43.Qd6xc5 Be6xg4
44.Rf2f6 Bg4e6
45.Re2e4 Qd7c7
46.Qc5d6 Re7d7
47.Qd6xc7 Rd7xc7
48.Rf6f2 Rc7d7
49.Kf3 Kc6
50.Ke2 Kc5
51.Kd2 b4
52.Rf2f1 Rd7d8
53.Re4e2 Rd8e8
54.Rf1a1 Kb5
55.Ra1h1 g5
56.Rh1h6 Kc5
57.Re2g2 g4
58.Rh6h1 Be6d5
59.Rh1g1 Bd5xg2
60.Rg1xg2 Re8g8
61.Ke2 Kd5
62.Rg2f2 Rg8g7
63.Rf2g2 Kxe5
64.Kf2 f5
65.Rg2g1 Rg7c7
{ resign }
0-1

[Event "Tourn. n9171"]
[Site "www.chess-mail.com"]
[Date "2017.04.08"]
[Round "1"]
[White "Claudia"]
[Black "B0zata"]
[WhiteElo "2140"]
[BlackElo "2170"]
[Result "1-0"]
[Round "1"]
1.d4 d5
2.c4 Ng8f6
3.cxd5 Nf6xd5
4.e4 Nd5b6
5.Ng1f3 Bc8g4
6.Bf1b5 c6
7.Bb5e2 g6
8.O-O Bf8g7
9.Bc1e3 O-O
10.Nb1c3 Bg4xf3
11.Be2xf3 Nb6c4
12.Bf3e2 Nc4xe3
13.fxe3 Qd8b6
14.Qd1d2 Rf8d8
15.Rf1f3 e5
16.d5 Nb8d7
17.Ra1f1 f6
18.Be2c4 Kh8
19.h4 Rd8f8
20.dxc6 Qb6xc6
21.Bc4b5 Qc6c7
22.Qd2xd7 Ra8c8
23.Qd7xc7 Rc8xc7
24.Nc3d5 Rc7c5
25.Bb5a4 h5
26.Nd5xf6 Bg7xf6
27.Rf3xf6 Rf8xf6
28.Rf1xf6 Kg7
29.Rf6f2 Rc5c1
30.Kh2 Rc1e1
31.Ba4b3 Re1xe3
32.Bb3d5 b6
33.Rf2f7 Kh6
34.Rf7xa7 Re3e2
35.b4 g5
36.hxg5 Kxg5
37.Ra7b7 Kg4
38.Rb7xb6 h4
39.Rb6b8 Re2e3
40.b5 h3
41.Rb8g8 Kh4
42.Rg8h8 Kg4
43.Rh8xh3 Re3e2
44.b6 Re2b2
45.Rh3b3 Rb2xa2
46.Rb3g3 Kf4
47.Bd5xa2 { resign }
1-0

[Event "Tourn. n9145"]
[Site "www.chess-mail.com"]
[Date "2017.04.08"]
[Round "1"]
[White "Azulmarino"]
[Black "Jjmcbride"]
[WhiteElo "1540"]
[BlackElo "1580"]
[Result "0-1"]
[Round "1"]
1.e4 e5
2.Ng1f3 f6
3.d4 d6
4.d5 c6
5.c4 f5
6.Nb1c3 Nb8a6
7.a3 f4
8.h4 Bc8d7
9.Bf1e2 h6
10.O-O Qd8e7
11.Qd1b3 O-O-O
12.Bc1d2 h5
13.Nf3g5 g6
14.Nc3a4 Bd7g4
15.f3 Qe7c7
16.Ra1c1 Bf8h6
17.Ng5e6 Bg4xe6
18.dxe6 g5
19.Bd2e1 Ng8f6
20.c5 d5
21.Be2xa6 bxa6
22.hxg5 Bh6xg5
23.Na4c3 h4
24.exd5 cxd5
25.Rc1d1 Qc7xc5
26.Be1f2 d4
27.Bf2xd4 exd4
28.Rf1e1 dxc3
29.Kf1 h3
30.e7 Rd8xd1
31.Qb3e6 Kc7
32.Re1xd1 cxb2
33.Qe6e1 h2
34.Rd1d8 h1Q
35.Ke2 Qc5e3
36.Kd1 Qh1xe1
37.Kc2 b1Q
{ resign }
0-1

[Event "Tourn. n9297"]
[Site "www.chess-mail.com"]
[Date "2017.04.08"]
[Round "1"]
[White "Autmich"]
[Black "Cal"]
[WhiteElo "1700"]
[BlackElo "1610"]
[Result "1-0"]
[Round "1"]
1.e4 e5
2.Ng1f3 d6
3.d4 exd4
4.Nf3xd4 c5
5.Nd4f3 h6
6.Nb1c3 Bc8g4
7.Bf1e2 Bg4xf3
8.Be2xf3 Ng8f6
9.e5 Nf6h7
10.Bf3xb7 Nb8d7
11.Bb7xa8 Qd8xa8
12.O-O Nd7xe5
13.Bc1f4 f6
14.Rf1e1 Bf8e7
15.Nc3d5 Qa8b7
16.Bf4g3 Ne5c4
17.Re1xe7 Qb7xe7
18.Nd5xe7 Kxe7
19.Qd1e2 Kd7
20.Qe2xc4 Rh8e8
21.Ra1d1 Nh7g5
22.Rd1xd6 Ke7
23.Qc4xc5 Kf7
24.Qc5xa7 Re8e7
25.Rd6d7 Re7xd7
26.Qa7xd7 Kg6
27.a4 { resign }
1-0

[Event "Tourn. n9206"]
[Site "www.chess-mail.com"]
[Date "2017.04.08"]
[Round "1"]
[White "A27l"]
[Black "Mihaiiorga"]
[WhiteElo "1280"]
[BlackElo "1199"]
[Result "0-1"]
[Round "1"]
1.e4 d6
2.d3 Ng8f6
3.h3 Nb8d7
4.Ng1f3 e5
5.Bf1e2 Bf8e7
6.O-O O-O
7.Nf3h2 c6
8.Nh2g4 Nf6xg4
9.Be2xg4 Nd7f6
10.Bg4xc8 Ra8xc8
11.Bc1g5 Nf6d7
12.Bg5xe7 Qd8xe7
13.Nb1c3 b5
14.a3 f5
15.exf5 Rf8xf5
16.Nc3e2 d5
17.Ne2g3 Rf5f7
18.f3 Rc8f8
19.Qd1d2 Qe7h4
20.Qd2f2 Nd7f6
 { time }
0-1

[Event "Tourn. n9295"]
[Site "www.chess-mail.com"]
[Date "2017.04.08"]
[Round "1"]
[White "Sozaro"]
[Black "Add"]
[WhiteElo "2110"]
[BlackElo "2170"]
[Result "1-0"]
[Round "1"]
1.d4 d5
2.c4 e6
3.Nb1c3 h6
4.Ng1f3 Ng8f6
5.g3 a6
6.Bf1g2 Nb8d7
7.c5 Nd7b8
8.Nf3e5 Nb8c6
9.Ne5xc6 bxc6
10.e4 dxe4
11.Nc3xe4 Nf6xe4
12.Bg2xe4 Bc8b7
13.Qd1f3 Qd8d7
14.O-O Bf8e7
15.Bc1f4 O-O-O
16.Ra1d1 f5
17.Be4c2 Qd7d5
18.Qf3e2 Qd5xa2
19.Qe2e5 Rd8d7
20.d5 cxd5
21.Qe5xe6 c6
22.Bc2xf5 Rh8d8
23.Qe6e5 { resign }
1-0

[Event "Tourn. n9264"]
[Site "www.chess-mail.com"]
[Date "2017.04.08"]
[Round "1"]
[White "Norlavuaram"]
[Black "Paulsyd"]
[WhiteElo "2080"]
[BlackElo "2049"]
[Result "0-1"]
[Round "1"]
1.e4 d5
2.exd5 Ng8f6
3.Nb1c3 Nf6xd5
4.Bf1c4 Nd5b6
5.Bc4b3 c5
6.d3 Bc8f5
7.Ng1e2 Nb8c6
8.Bc1e3 e6
9.Ne2g3 Bf5g6
10.Nc3e4 Nb6d5
11.Be3xc5 Bf8xc5
12.Ne4xc5 Qd8a5
{ resign }
0-1

[Event "Tourn. n9170"]
[Site "www.chess-mail.com"]
[Date "2017.04.08"]
[Round "1"]
[White "Szustan"]
[Black "Numanoid"]
[WhiteElo "2670"]
[BlackElo "2410"]
[Result "1/2-1/2"]
[Round "1"]
1.e4 e5
2.Ng1f3 Nb8c6
3.Nb1c3 Ng8f6
4.d4 exd4
5.Nc3d5 Bf8e7
6.Bf1c4 O-O
7.O-O d6
8.Nf3xd4 Nc6xd4
9.Qd1xd4 Nf6xd5
10.Bc4xd5 Be7f6
11.Qd4d3 c6
12.Bd5b3 Bc8e6
13.Bb3xe6 fxe6
14.c3 d5
15.Bc1e3 Qd8c7
16.f4 Ra8d8
17.e5 Bf6e7
18.g3 c5
19.b3 Qc7c6
20.Be3f2 Rf8f7
21.Ra1d1 b5
22.Qd3f3 Rd8c8
23.Rd1c1 Be7d8
24.Kg2 c4
25.b4 a5
26.a3 axb4
27.axb4 Bd8b6
28.Bf2xb6 Qc6xb6
29.Qf3f2 { draw }
1/2-1/2

[Event "Tourn. n9253"]
[Site "www.chess-mail.com"]
[Date "2017.04.08"]
[Round "1"]
[White "Mihaiiorga"]
[Black "Roque1"]
[WhiteElo "1789"]
[BlackElo "1860"]
[Result "1-0"]
[Round "1"]
1.d3 e5
2.Ng1f3 Nb8c6
3.Nb1d2 d5
4.e4 d4
5.Bf1e2 Ng8f6
6.O-O Bf8e7
7.c3 Bc8e6
8.cxd4 Nc6xd4
9.Nf3xe5 Be7d6
10.Nd2c4 Nd4xe2
11.Qd1xe2 Bd6xe5
12.Nc4xe5 Qd8d4
13.Ne5f3 Qd4b6
14.Bc1e3 Qb6a6
15.Nf3d4 O-O-O
16.Nd4xe6 Qa6xe6
17.f3 h5
18.d4 h4
19.d5 Qe6e5
20.Ra1c1 Rd8d6
21.Qe2d2 g5
22.Be3xg5 Rh8h5
23.Qd2c2 Qe5d4
24.Kh1 Nf6e8
25.Bg5e7 Rd6g6
26.Rf1d1 Qd4e5
{ time. }
1-0

[Event "Match"]
[Site "www.echecsemail.com"]
[Date "2017.04.08"]
[Round "1"]
[White "Numanoid"]
[Black "Ozana"]
[WhiteElo "2440"]
[BlackElo "2450"]
[Result "1-0"]
[Round "1"]
1.d4 Ng8f6
2.c4 c5
3.d5 b5
4.cxb5 a6
5.Nb1c3 axb5
6.e4 b4
7.Nc3b5 d6
8.Bc1f4 g5
9.Bf4xg5 Nf6xe4
10.Bg5f4 Qd8a5
11.Bf1c4 Nb8d7
12.Qd1d3 b3
13.Bf4d2  { time }
1-0

[Event "Match"]
[Site "www.echecsemail.com"]
[Date "2017.04.08"]
[Round "1"]
[White "Susov"]
[Black "Norwich"]
[WhiteElo "1890"]
[BlackElo "1760"]
[Result "1-0"]
[Round "1"]
1.e4 d6
2.d4 Ng8f6
3.Nb1c3 g6
4.Bc1g5 Bf8g7
5.e5 dxe5
6.dxe5 Qd8xd1
7.Ra1xd1 Nf6d7
8.Nc3d5 Bg7xe5
9.Bg5f4 Be5xf4
10.Nd5xf4 c6
11.Bf1c4 Nd7b6
12.Bc4b3 Nb8d7
13.Ng1f3 Nd7c5
14.O-O Nc5xb3
15.axb3 Bc8g4
16.Rd1d3 Bg4xf3
17.Rd3xf3 e6
18.Rf1d1 Ra8d8
19.Rd1xd8 Kxd8
20.Rf3d3 Ke7
21.h4 Rh8d8
22.g4 Rd8xd3
23.Nf4xd3 Nb6d5
24.Nd3c5 b6
25.Nc5d3 Kd6
26.Kg2  { time }
1-0

[Event "Match"]
[Site "www.echecsemail.com"]
[Date "2017.04.08"]
[Round "1"]
[White "Calponas"]
[Black "Juodivarnai"]
[WhiteElo "2010"]
[BlackElo "2140"]
[Result "1/2-1/2"]
[Round "1"]
1.e4 c5
2.Ng1f3 d6
3.d4 cxd4
4.Nf3xd4 Ng8f6
5.Nb1c3 a6
6.Bc1e3 e5
7.Nd4b3 Bf8e7
8.Bf1e2 O-O
9.f4 exf4
10.Be3xf4 Nb8c6
11.O-O Bc8e6
12.a4 Be6xb3
13.cxb3 Ra8c8
14.Ra1c1 Qd8d7
15.Nc3d5 Nf6xd5
16.exd5 Nc6e5
17.Qd1d2 Rc8xc1
18.Rf1xc1 Rf8c8
19.Rc1xc8 Qd7xc8
20.a5 Qc8c7
21.Kf2 h6
22.Bf4e3 Ne5d7
23.Be2c4 Nd7e5
24.Bc4e2 Qc7d7
25.Kg1 Ne5g4
26.Be3d4 Ng4f6
27.Be2f3 Qd7c7
{ draw }
1/2-1/2

[Event "Match"]
[Site "www.echecsemail.com"]
[Date "2017.04.08"]
[Round "1"]
[White "Nimzo"]
[Black "Micheles"]
[WhiteElo "2610"]
[BlackElo "2600"]
[Result "1-0"]
[Round "1"]
1.d4 Ng8f6
2.c4 g6
3.g3 c6
4.Bf1g2 d5
5.cxd5 cxd5
6.Ng1f3 Bf8g7
7.Nf3e5 O-O
8.Nb1c3 e6
9.O-O Nf6d7
10.f4 Nb8c6
11.Bc1e3 Nd7b6
12.Be3f2 Bc8d7
13.e4 Nc6e7
14.Ne5xd7 Qd8xd7
15.e5 Rf8c8
16.Ra1c1 Rc8c7
17.b3 Ra8c8
18.Qd1d2 Bg7f8
19.g4 Kh8
20.Bf2h4 Ne7g8
21.Nc3e2 Rc7xc1
22.Ne2xc1 Qd7c6
23.Nc1d3 Qc6c3
24.Qd2e3 Qc3c2
25.f5 exf5
26.gxf5 Bf8h6
27.Qe3h3 g5
28.Bh4e1 g4
29.Qh3g3 Qc2xa2
30.f6 Qa2e2
31.Nd3f4 Bh6xf4
32.Qg3xf4 Rc8c2
33.Be1f2 Qe2d2
34.Qf4xg4 Qd2h6
35.Bf2g3 Qh6g6
36.Qg4xg6 hxg6
37.e6 { resign }
1-0

[Event "Match"]
[Site "www.echecsemail.com"]
[Date "2017.04.08"]
[Round "1"]
[White "Manuelito"]
[Black "Coraza8091"]
[WhiteElo "1740"]
[BlackElo "1570"]
[Result "0-1"]
[Round "1"]
1.d4 e6
2.e3 d5
3.Ng1f3 Ng8f6
4.Bf1e2 Nb8c6
5.O-O Bf8d6
6.c4 e5
7.Nb1c3 e4
8.Nf3d2 a6
9.c5 Bd6e7
10.f3 Bc8f5
11.fxe4 Bf5e6
12.e5 Nf6d7
13.Be2f3 Nd7b8
14.Qd1e2 Nb8d7
15.Nc3xd5 Nd7b8
16.Nd5xe7 Qd8xe7
17.Nd2e4 Nc6a5
18.b3 Nb8d7
19.Bc1b2 Nd7b8
20.b4 Be6c4
 { time }
0-1

[Event "Match"]
[Site "www.echecsemail.com"]
[Date "2017.04.08"]
[Round "1"]
[White "Carazo"]
[Black "Ditto"]
[WhiteElo "1680"]
[BlackElo "1660"]
[Result "0-1"]
[Round "1"]
1.e4 e5
2.Ng1f3 Nb8c6
3.Bf1c4 Ng8f6
4.Nf3g5 d5
5.exd5 Nc6d4
6.d6 Qd8xd6
7.Ng5xf7 Qd6c6
8.Nf7xh8 Qc6xg2
9.Bc4f7 Kd8
10.Rh1f1 Qg2e4
{ resign }
0-1

[Event "Match"]
[Site "www.echecsemail.com"]
[Date "2017.04.08"]
[Round "1"]
[White "Grimsby"]
[Black "Manuelito"]
[WhiteElo "1390"]
[BlackElo "1730"]
[Result "1-0"]
[Round "1"]
1.d4 d5
2.c4 dxc4
3.e4 e6
4.Bf1xc4 Bf8b4
5.Nb1c3 Bb4xc3
6.bxc3 Ng8f6
7.e5 Nf6d5
8.Bc1d2 O-O
9.Ng1f3 c6
10.O-O Nb8d7
11.Bc4xd5 cxd5
12.Qd1e2 Nd7b6
13.Bd2g5 Qd8c7
14.Bg5d2 Nb6c4
15.Ra1c1 Qc7a5
16.Rf1d1 Qa5xa2
17.Rc1a1 Qa2c2
18.Ra1c1 Qc2g6
19.Bd2e3 Bc8d7
20.Nf3d2 Nc4xe3
21.Qe2xe3 f6
22.f4  { time }
1-0

[Event "Match"]
[Site "www.echecsemail.com"]
[Date "2017.04.08"]
[Round "1"]
[White "Liencam2"]
[Black "Geodad5"]
[WhiteElo "2340"]
[BlackElo "2160"]
[Result "1-0"]
[Round "1"]
1.e4 c5
2.Nb1c3 d6
3.Ng1f3 Nb8c6
4.d4 cxd4
5.Nf3xd4 g6
6.Bc1e3 Bf8g7
7.Qd1d2 Ng8f6
8.f3 O-O
9.Bf1c4 Bc8d7
10.h4 a6
11.O-O-O Ra8c8
12.Bc4b3 b5
13.h5 gxh5
14.Nd4xc6 Bd7xc6
15.Be3h6 Bg7xh6
16.Qd2xh6 Qd8c7
17.g4 hxg4
18.Rd1g1 Kh8
19.Rg1xg4 b4
20.Qh6g7 { resign }
1-0

[Event "Match"]
[Site "www.echecsemail.com"]
[Date "2017.04.08"]
[Round "1"]
[White "Battlechess"]
[Black "Ericleo1980"]
[WhiteElo "1630"]
[BlackElo "2230"]
[Result "0-1"]
[Round "1"]
1.d4 d5
2.c4 c6
3.cxd5 cxd5
4.Nb1c3 Ng8f6
5.Bc1g5 e6
6.e3 a6
7.Bf1d3 Bf8d6
8.Ng1e2 Nb8d7
9.O-O Bd6xh2
10.Kxh2 Nf6g4
11.Kg1 Qd8xg5
12.Ne2f4 Nd7f6
 { time }
0-1

[Event "Match"]
[Site "www.echecsemail.com"]
[Date "2017.04.08"]
[Round "1"]
[White "Mrynmryn"]
[Black "Leeds"]
[WhiteElo "2090"]
[BlackElo "1730"]
[Result "1-0"]
[Round "1"]
1.Ng1f3 g6
2.d4 Bf8g7
3.Bc1f4 d6
4.e3 Ng8f6
5.h3 O-O
6.c4 Nb8d7
7.Bf1e2 c5
8.O-O cxd4
9.exd4 b6
10.Nb1c3 Bc8b7
11.d5 a6
12.Ra1c1 Nd7c5
13.b4 Nc5e4
14.Nc3xe4 Nf6xe4
15.Be2d3 Ne4f6
16.Nf3d4 Ra8c8
17.a4 Nf6d7
18.Bd3b1  { time }
1-0

[Event "Match"]
[Site "www.echecsemail.com"]
[Date "2017.04.08"]
[Round "1"]
[White "Coraza8091"]
[Black "Cal"]
[WhiteElo "1570"]
[BlackElo "1710"]
[Result "0-1"]
[Round "1"]
1.c4 e5
2.Nb1c3 h6
3.Ng1f3 d6
4.h3 Ng8f6
5.d4 e4
6.Nf3d2 Bc8f5
7.g4 Bf5h7
8.Qd1a4 c6
9.Bf1g2 a6
10.d5 Bf8e7
11.dxc6 bxc6
12.b4 O-O
13.Bg2xe4 Qd8c7
14.b5 Ra8a7
15.Ra1b1 cxb5
16.Qa4c2 b4
17.Be4xh7 Nf6xh7
18.Rb1xb4 Nb8c6
19.Rb4a4 Nc6d4
20.Qc2d3 Be7f6
21.Nc3d5 Qc7c5
22.Bc1a3 Qc5c6
23.Ra4b4 a5
24.Rb4b6 Qc6d7
25.e3 Nd4e6
26.Ba3c1 Ne6c5
27.Qd3c2 Bf6g5
28.h4 Bg5d8
29.Rb6b5 a4
 { time }
0-1

[Event "Match"]
[Site "www.echecsemail.com"]
[Date "2017.04.08"]
[Round "1"]
[White "Manuelito"]
[Black "Milkyway"]
[WhiteElo "1660"]
[BlackElo "1920"]
[Result "0-1"]
[Round "1"]
1.d4 d5
2.Ng1f3 Ng8f6
3.e3 Bc8g4
4.Bf1e2 e6
5.O-O Nb8d7
6.c4 c6
7.Nb1c3 Bg4xf3
8.Be2xf3 Bf8e7
9.cxd5 exd5
10.Bc1d2 O-O
11.Ra1c1 Rf8e8
12.Rf1e1 Nd7b6
13.e4 Nf6xe4
14.Nc3xe4 dxe4
15.Re1xe4 Be7f6
16.Re4xe8 Qd8xe8
17.Bd2e3 Ra8d8
18.h3 Nb6d5
19.Bf3xd5 Rd8xd5
20.Qd1b3 Bf6xd4
21.Be3xd4 Rd5xd4
22.Qb3xb7 g6
23.Qb7xa7 Rd4d2
24.b4 Qe8e2
25.Rc1xc6 Rd2xa2
26.Rc6c8 Kg7
27.Qa7d4 Kh6
28.Qd4f4 Kg7
29.Rc8b8 Ra2a1
30.Kh2 Ra1f1
31.Qf4d4 Kh6
32.Kg3 Qe2e6
 { time }
0-1

[Event "Match"]
[Site "www.echecsemail.com"]
[Date "2017.04.08"]
[Round "1"]
[White "Manuelito"]
[Black "Curtis73"]
[WhiteElo "1710"]
[BlackElo "1719"]
[Result "0-1"]
[Round "1"]
1.d4 c5
2.dxc5 e6
3.e3 Bf8xc5
4.c4 Ng8f6
5.Ng1f3 O-O
6.Bf1e2 a6
7.Nb1c3 Nb8c6
8.O-O Qd8c7
9.b3 Bc5e7
10.Bc1b2 b6
11.Ra1c1 Bc8b7
12.Qd1c2 Ra8c8
13.Rf1d1 Nc6b4
14.Qc2b1 Qc7b8
15.h3 d5
16.a3 Nb4c6
17.cxd5 exd5
18.Nc3xd5 Nf6xd5
19.Rd1xd5 Nc6a5
20.Rc1xc8 Rf8xc8
21.Rd5d3 Bb7e4
22.Rd3d8 Rc8xd8
23.Qb1xe4 Qb8d6
24.b4 Na5c6
25.Be2xa6 Qd6d1
26.Ba6f1 Qd1d5
27.Qe4g4 Be7f8
28.Qg4c4 Qd5d7
29.b5 Nc6a5
 { time }
0-1